Riconosci la Squadra di calcio - Quiz n°77 - Statistics

Statistiche generali
  • Questo quiz è stato fatto 3 volte
  • Il punteggio medio è 7 su 10
Statistiche sulle risposte
Indizio Risposta % Corretto
Colori sociali Bianco, rosso
100%
Simboli Moro, orso
100%
Confederazione UEFA
100%
Trofei nazionali 0
67%
Trofei internazionali 0
67%
Capienza Stadio 10 660 posti
67%
Titoli nazionali 2 Ligue 2 1 Championnat National
67%
Divisione nazionale 2023-2024 Seconda
67%
Fondazione 1910
33%
Squadra Ajaccio
33%
Nessun quiz corrispondente trovato
Distribuzione punteggi
Percentuale di utenti per punteggio
Percentile per numero di risposta
I tuoi punteggi nel tempo
Non hai fatto questo quiz